Airport Codes Containing The Letter Z - Statistics

General Stats
  • This quiz has been taken 26 times
  • The average score is 7 of 12
Answer Stats
Hint Answer % Correct
ZAG Zagreb
100%
ZRH Zürich
100%
YYZ Toronto
84%
IBZ Ibiza
79%
POZ Poznań
63%
ZNZ Zanzibar
58%
KZN Kazan
47%
SZX Shenzhen
47%
ABZ Aberdeen
42%
BZV Brazzaville
37%
PLZ Port Elizabeth
21%
PZU Port Sudan
21%
No matching quizzes found
Score Distribution
Percent of People with Each Score
Percentile by Number Answered
Your Score History
You have not taken this quiz